000 00332 a2200169 4500
001 181994
020 _a85-08-02966-7
040 _cMagnum
100 _aMoretto, Vasco Pedro
240 1 0 _aMecânica
_lpor
245 1 0 _aMecânica
300 _a320
362 0 _a1989
440 1 _aÁtica
697 _aMECÂNICA
942 _cBK
999 _c181994
_d181994